[Event "GER-chT School WK 4"]
[Site "Playchess.com INT"]
[Date "2020.06.16"]
[Round "5.1"]
[White "Kiss, Sebastian"]
[Black "Lang Pacheco, Nando"]
[Result "1-0"]
[WhiteElo "1620"]
[BlackElo "1710"]
[PlyCount "51"]
[EventDate "2020.06.16"]
[EventType "team-swiss (blitz)"]
[EventRounds "5"]
[EventCountry "GER"]
[SourceTitle "EXT 2021"]
[Source "ChessBase"]
[SourceDate "2020.10.23"]
[SourceVersion "1"]
[SourceVersionDate "2020.10.23"]
[SourceQuality "1"]
[WhiteTeam "Dresden Nexoe Gymn II"]
[BlackTeam "St Blasien Kolleg"]
[WhiteTeamCountry "GER"]
[BlackTeamCountry "GER"]

1. e4 e5 2. Nf3 Nc6 3. Bc4 Nf6 4. d3 d5 5. exd5 Nxd5 6. Bb3 Nf4 7. Bxf4 exf4 8. Qe2+ Be7 9. Nbd2 0-0 10. 0-0 Bg4 11. h3 Bxf3 12. Qxf3 Bg5 13. Ne4 h6 14. Qg4 Ne5 15. Qf5 g6 16. Qxe5 f3 17. Nxg5 hxg5 18. Qe4 fxg2 19. Qxg6+ Kh8 20. Qh6+ Kg8 21. Kxg2 Qd4 22. Qxg5+ Kh8 23. Qh6+ Kg8 24. Kh1 Qf4 25. Rg1+ Qg5 26. Rxg5# 1-0

[Event "GER-chT School WK 4"]
[Site "Playchess.com INT"]
[Date "2020.06.16"]
[Round "3.1"]
[White "Miller, Jonathan"]
[Black "Lang Pacheco, Nando"]
[Result "1-0"]
[WhiteElo "1748"]
[BlackElo "1710"]
[PlyCount "73"]
[EventDate "2020.06.16"]
[EventType "team-swiss (blitz)"]
[EventRounds "5"]
[EventCountry "GER"]
[SourceTitle "EXT 2021"]
[Source "ChessBase"]
[SourceDate "2020.10.23"]
[SourceVersion "1"]
[SourceVersionDate "2020.10.23"]
[SourceQuality "1"]
[WhiteTeam "Eppendorf Johanneum"]
[BlackTeam "St Blasien Kolleg"]
[WhiteTeamCountry "GER"]
[BlackTeamCountry "GER"]

1. d4 d5 2. Bf4 Nc6 3. e3 Bf5 4. Nd2 Nb4 5. Bd3 Bxd3 6. cxd3 Nxd3+ 7. Kf1 Nxb2 8. Qb3 Nc4 9. Nxc4 dxc4 10. Qxc4 c6 11. Rb1 b5 12. Qxc6+ Qd7 13. Qxa8+ Qd8 14. Qxd8+ Kxd8 15. Rxb5 Kc8 16. Rb8+ Kd7 17. Rxf8 h5 18. Nf3 f6 19. Ke2 g5 20. Bb8 e6 21. Bxa7 Ke7 22. Bc5+ Kd7 23. Rb1 e5 24. dxe5 fxe5 25. Nxe5+ Ke6 26. Rb6+ Kxe5 27. Bd4+ Ke4 28. Bxh8 Nf6 29. Rbxf6 g4 30. Re6+ Kd5 31. Re5+ Kd6 32. Re4 Kd5 33. Rd4+ Ke6 34. Re8+ Kf5 35. Rf4+ Kg5 36. Rg8+ Kh4 37. Bf6# 1-0

[Event "GER Cup Net Final-C U1600"]
[Site "Playchess.com INT"]
[Date "2020.06.06"]
[Round "8"]
[White "Elpelt, Frank"]
[Black "Lang Pacheco, Nando"]
[Result "1-0"]
[WhiteElo "1459"]
[BlackElo "1352"]
[PlyCount "109"]
[EventDate "2020.06.06"]
[EventType "swiss (blitz)"]
[EventRounds "13"]
[EventCountry "GER"]
[SourceTitle "CBM 197 Extra"]
[Source "ChessBase"]
[SourceDate "2020.09.30"]
[SourceVersion "1"]
[SourceVersionDate "2020.09.30"]
[SourceQuality "1"]

1. e4 e5 2. Nf3 Nc6 3. Bb5 Bc5 4. 0-0 d6 5. d3 Nf6 6. h3 0-0 7. Bg5 h6 8. Bh4 a6 9. Ba4 b5 10. Bb3 Be6 11. Bxe6 fxe6 12. Nc3 Bb4 13. Qd2 Nd4 14. Rfe1 Nxf3+ 15. gxf3 Qe8 16. a3 Bxc3 17. Qxc3 Qg6+ 18. Kh2 Nh5 19. Rg1 Qh7 20. Qxc7 Nf4 21. Qxd6 g5 22. Bg3 h5 23. Bxf4 exf4 24. Qxe6+ Kh8 25. Rxg5 Rae8 26. Qd6 Rg8 27. Rag1 Rg7 28. Qd4 Reg8 29. Rxg7 Rxg7 30. Rxg7 Qxg7 31. Qxg7+ Kxg7 32. d4 Kf7 33. Kg1 Ke6 34. Kf1 Kd6 35. Ke2 a5 36. Kd3 h4 37. c4 bxc4+ 38. Kxc4 Kc6 39. b4 axb4 40. axb4 Kb6 41. e5 Kc6 42. d5+ Kd7 43. Kd4 Kc7 44. Ke4 Kd7 45. Kxf4 Ke7 46. Kg4 Kf7 47. Kxh4 Ke7 48. Kg5 Kf7 49. h4 Ke7 50. h5 Kf7 51. h6 Kg8 52. d6 Kf8 53. Kg6 Kg8 54. d7 Kf8 55. d8Q# 1-0

[Event "GER Pfingstopen U12"]
[Site "Playchess.com INT"]
[Date "2020.06.02"]
[Round "10"]
[White "Lang Pacheco, Nando"]
[Black "Schmidt, Inga"]
[Result "1-0"]
[WhiteElo "1172"]
[BlackElo "1620"]
[PlyCount "41"]
[EventDate "2020.06.02"]
[EventType "swiss (blitz)"]
[EventRounds "11"]
[EventCountry "GER"]
[SourceTitle "CBM 197 Extra"]
[Source "ChessBase"]
[SourceDate "2020.09.30"]
[SourceVersion "1"]
[SourceVersionDate "2020.09.30"]
[SourceQuality "1"]

1. d4 d5 2. Nc3 Nf6 3. Bg5 h6 4. Bxf6 g6 5. Bxh8 Nc6 6. Nf3 f6 7. e3 Bg4 8. Be2 h5 9. Nh4 g5 10. Ng6 Bh6 11. Bxg4 hxg4 12. Qxg4 Qd6 13. 0-0 Nb4 14. Qf5 Kf7 15. a3 Nc6 16. Nxd5 e6 17. Qxf6+ Ke8 18. Nc3 Kd7 19. Nb5 Qd5 20. Qe7+ Kc8 21. Qxc7# 1-0

[Event "GER Pfingstopen U12"]
[Site "Playchess.com INT"]
[Date "2020.06.02"]
[Round "7"]
[White "Lang Pacheco, Nando"]
[Black "Stiehler, Daniel"]
[Result "0-1"]
[WhiteElo "1172"]
[BlackElo "1620"]
[PlyCount "52"]
[EventDate "2020.06.02"]
[EventType "swiss (blitz)"]
[EventRounds "11"]
[EventCountry "GER"]
[SourceTitle "CBM 197 Extra"]
[Source "ChessBase"]
[SourceDate "2020.09.30"]
[SourceVersion "1"]
[SourceVersionDate "2020.09.30"]
[SourceQuality "1"]

1. d4 Nf6 2. Bg5 g6 3. Bxf6 exf6 4. e4 d5 5. exd5 Qxd5 6. Nc3 Qd8 7. Nf3 Nc6 8. Bb5 Bd7 9. d5 Ne5 10. Nxe5 fxe5 11. Bxd7+ Qxd7 12. Qe2 Bd6 13. 0-0 0-0 14. Ne4 Be7 15. Nc3 Bf6 16. Ne4 Bg7 17. Nc3 Rae8 18. Rad1 Re7 19. Rd2 Rfe8 20. Rfd1 e4 21. d6 Re6 22. dxc7 Qxc7 23. Nd5 Qc5 24. Kh1 e3 25. Rd3 exf2 26. Qf3 Re1+ 0-1

[Event "GER Pfingstopen U12"]
[Site "Playchess.com INT"]
[Date "2020.06.02"]
[Round "9"]
[White "Loeffelholz, Simon"]
[Black "Lang Pacheco, Nando"]
[Result "1-0"]
[WhiteElo "1620"]
[BlackElo "1172"]
[PlyCount "28"]
[EventDate "2020.06.02"]
[EventType "swiss (blitz)"]
[EventRounds "11"]
[EventCountry "GER"]
[SourceTitle "CBM 197 Extra"]
[Source "ChessBase"]
[SourceDate "2020.09.30"]
[SourceVersion "1"]
[SourceVersionDate "2020.09.30"]
[SourceQuality "1"]

1. e4 e5 2. Nf3 Nc6 3. Bc4 h6 4. 0-0 Bc5 5. b4 Bxb4 6. c3 Bc5 7. Qb3 Qe7 8. d3 d6 9. Be3 Bxe3 10. fxe3 Bg4 11. Nfd2 Be2 12. Rxf7 Qg5 13. Qxb7 Rd8 14. Qxc6+ Rd7 1-0

[Event "GER Pfingstopen U12"]
[Site "Playchess.com INT"]
[Date "2020.06.02"]
[Round "8"]
[White "Xue, Jiashu"]
[Black "Lang Pacheco, Nando"]
[Result "0-1"]
[WhiteElo "1620"]
[BlackElo "1172"]
[PlyCount "44"]
[EventDate "2020.06.02"]
[EventType "swiss (blitz)"]
[EventRounds "11"]
[EventCountry "GER"]
[SourceTitle "CBM 197 Extra"]
[Source "ChessBase"]
[SourceDate "2020.09.30"]
[SourceVersion "1"]
[SourceVersionDate "2020.09.30"]
[SourceQuality "1"]

1. e4 e5 2. Nf3 Nc6 3. d4 exd4 4. Bc4 Bc5 5. c3 dxc3 6. Bxf7+ Kxf7 7. Qd5+ Ke8 8. Qxc5 d6 9. Qxc3 Bg4 10. Qxg7 Bxf3 11. Qxh8 Bxe4 12. Qxg8+ Kd7 13. Qxd8+ Rxd8 14. Nc3 Bd3 15. Bg5 Re8+ 16. Be3 Nd4 17. 0-0-0 Ne2+ 18. Nxe2 Bxe2 19. Rd2 Bc4 20. Bxa7 Bxa2 21. Rc2 b6 22. Rd1 Bb3 0-1

[Event "GER Cup Net V4 U1600"]
[Site "Playchess.com INT"]
[Date "2020.05.31"]
[Round "6"]
[White "Lang Pacheco, Nando"]
[Black "Karpe, Sebastian"]
[Result "1/2-1/2"]
[WhiteElo "1620"]
[BlackElo "1355"]
[PlyCount "63"]
[EventDate "2020.05.31"]
[EventType "swiss (blitz)"]
[EventRounds "9"]
[EventCountry "GER"]
[SourceTitle "EXT 2021"]
[Source "ChessBase"]
[SourceDate "2020.10.23"]
[SourceVersion "1"]
[SourceVersionDate "2020.10.23"]
[SourceQuality "1"]

1. d4 e6 2. e4 d5 3. e5 c5 4. Nf3 Nc6 5. Nc3 Qb6 6. Bb5 Nge7 7. Bg5 cxd4 8. Bxe7 Bxe7 9. Bxc6+ bxc6 10. Nxd4 Bc5 11. Na4 Qa5+ 12. Nc3 Qb6 13. Na4 Qa5+ 14. Nc3 Bb4 15. Nxc6 Bxc3+ 16. Kf1 Qb5+ 17. Kg1 Qxc6 18. bxc3 Qxc3 19. g3 Qxe5 20. c4 dxc4 21. Qa4+ Ke7 22. Rd1 Rd8 23. Rxd8 Kxd8 24. Kg2 Bb7+ 25. f3 Qe2+ 26. Kh3 Bd5 27. Rd1 c3 28. Qa5+ Ke7 29. Qb4+ Kd8 30. Qa5+ Kc8 31. Qc5+ Kd8 32. Qa5+ 1/2-1/2